| 000 | 01297nam a2200325 a 4500 | ||
|---|---|---|---|
| 001 | 000113001 | ||
| 003 | CHAP | ||
| 005 | 20220329144332.0 | ||
| 008 | 170313s2016 mx sm |||||||spa d | ||
| 010 | _a109462 | ||
| 011 | _a110434 | ||
| 040 | _cCHAP | ||
| 090 | _aTesis | ||
| 100 | 1 |
_aPatiño Espejel, Mitzi Guilúu. _9131718 |
|
| 245 | 1 | 0 |
_aIdentificación morfológica y molecular de la cenicilla de la hierbamora (Solanum nigrum) en el Estado de México _h[En línea] _cpor Mitzi Guilúu Patiño Espejel. |
| 260 |
_aChapingo, Méx. : _bEl autor, _c2016. |
||
| 500 | _aPara ver el contenido del material haga clic en la liga | ||
| 502 | _aTesis (Ing. Agr. Esp. en Parasitología Agrícola) -- UACH. Departamento de Parasitología Agrícola | ||
| 590 |
_aBATCH-UPD _b05 _c20170313 _lUCH01 _h0851 |
||
| 590 |
_aE11695DGD _b10 _c20170313 _lUCH01 _h1613 |
||
| 590 |
_aE5765TAJ _b05 _c20170313 _lUCH01 _h0851 |
||
| 590 |
_aE5765TAJ _b05 _c20170313 _lUCH01 _h0852 |
||
| 650 | 1 | 4 |
_aHongos fitopatógenos _xFisiología y morfología. _9126607 |
| 650 | 1 | 4 |
_aHongos fitopatógenos _xIdentificación. _9131720 |
| 650 | 1 | 4 |
_aSolanum nigrum _xEnfermedades por hongos. _9131719 |
| 856 |
_aFinding aid _uhttp://10.13.5.2/tesis/sist113001.pdf _zTeclea aquí |
||
| 901 | _aBK | ||
| 942 | _cTESIS | ||
| 942 | _n0 | ||
| 999 |
_c109462 _d109462 |
||